| 000 | 02043pam a2200397 i 4500 | ||
|---|---|---|---|
| 001 | 2024002315 | ||
| 003 | DLC | ||
| 005 | 20241227173123.0 | ||
| 008 | 240117s2024 nyu 000 1 eng | ||
| 010 | _a 2024002315 | ||
| 020 |
_a9780593547113 _q(hardcover) |
||
| 020 |
_z9780593547120 _q(ebook) |
||
| 040 |
_aDLC _beng _erda _cDLC _dTnLvILS |
||
| 042 | _apcc | ||
| 043 | _an-us-nh | ||
| 092 |
_afiction _bWrobel, Stephanie |
||
| 100 | 1 |
_aWrobel, Stephanie, _eauthor. _95815191 |
|
| 245 | 1 | 4 |
_aThe Hitchcock Hotel / _cStephanie Wrobel. |
| 264 | 1 |
_aNew York : _bBerkley, _c[2024] |
|
| 300 |
_a352 page ; _c24 cm. |
||
| 336 | _atext | ||
| 337 | _aunmediated | ||
| 338 | _avolume | ||
| 500 | _a"A novel"--Cover. | ||
| 520 | _a"Alfred Smettle is not your average Hitchcock fan. He is the founder, owner, and manager of the Hitchcock Hotel, a sprawling Victorian house in the White Mountains dedicated to the master of suspense. There, Alfred offers his guests round-the-clock film screenings, movie props and memorabilia in every room, plus an aviary with fifty crows. To celebrate the hotel's first anniversary, he invites his former best friends from his college film club for a reunion. He hasn't spoken to any of them in sixteen years--not after what happened. But who better than them to appreciate Alfred's creation? And to help him finish it. After all, no Hitchcock set is complete without a body"-- | ||
| 600 | 1 | 0 |
_aHitchcock, Alfred, _d1899-1980 _vFiction. _96536180 |
| 650 | 0 |
_aFans (Persons) _vFiction. _95706280 |
|
| 650 | 0 |
_aHotels _vFiction. _95708294 |
|
| 650 | 0 |
_aReunions _vFiction. _95710947 |
|
| 651 | 0 |
_aWhite Mountains (N.H. and Me.) _vFiction. _96536181 |
|
| 651 | 0 |
_aNew Hampshire _vFiction. _95706955 |
|
| 655 | 7 |
_aThrillers (Fiction) _2lcgft. |
|
| 655 | 7 |
_aDetective and mystery fiction. _2lcgft. _95683641 |
|
| 776 | 0 | 8 |
_iOnline version: _aWrobel, Stephanie. _tHitchcock hotel _dNew York : Berkley, 2024. _z9780593547120 _w(DLC) 2024002316. |
| 942 |
_2ddc _cBOOK |
||
| 999 |
_c402804 _d402804 |
||